[Event "POL-ch rapid (Women)"]
[Site "Bydgoszcz"]
[Date "2020.12.13"]
[Round "8"]
[White "Buchta, Agnieszka"]
[Black "Pyzewska, Ewelina"]
[Result "1-0"]
[WhiteElo "1919"]
[BlackElo "1330"]
[PlyCount "77"]
[EventDate "2020.12.13"]
[EventType "swiss (rapid)"]
[EventRounds "9"]
[EventCountry "POL"]
[SourceTitle "CBM 199 Extra"]
[Source "ChessBase"]
[SourceDate "2021.01.31"]
[SourceVersion "1"]
[SourceVersionDate "2021.01.31"]
[SourceQuality "1"]

1. e4 d5 2. exd5 Qxd5 3. d4 Nc6 4. Nf3 Nf6 5. Be2 g6 6. 0-0 Bg7 7. c4 Qd6 8. Nc3 e6 9. Nb5 Qd7 10. Bf4 0-0 11. Nxc7 Nh5 12. Nxa8 Nxf4 13. Ne5 Qd6 14. Nxc6 bxc6 15. c5 Qd7 16. Bf3 Bb7 17. Nb6 axb6 18. cxb6 Rd8 19. a4 Bxd4 20. Qb3 h5 21. a5 Ra8 22. Ra4 e5 23. Rfa1 g5 24. a6 Bxf2+ 25. Kxf2 Qd2+ 26. Kg1 g4 27. axb7 Rb8 28. Ra8 Kg7 29. Rxb8 gxf3 30. Qxf3 Qd4+ 31. Kh1 Qxb2 32. Rf1 Qxb6 33. Qg3+ Kf6 34. Qh4+ Ke6 35. Qd8 Qb5 36. Qe8+ Kf6 37. Qh8+ Ke6 38. Re8+ Kd5 39. Rxe5+ 1-0

[Event "POL-ch blitz (Women)"]
[Site "Bydgoszcz"]
[Date "2020.12.12"]
[Round "11"]
[White "Buchta, Agnieszka"]
[Black "Pyzewska, Ewelina"]
[Result "1-0"]
[WhiteElo "1919"]
[BlackElo "1330"]
[PlyCount "45"]
[EventDate "2020.12.12"]
[EventType "swiss (blitz)"]
[EventRounds "11"]
[EventCountry "POL"]
[SourceTitle "CBM 199 Extra"]
[Source "ChessBase"]
[SourceDate "2021.01.31"]
[SourceVersion "1"]
[SourceVersionDate "2021.01.31"]
[SourceQuality "1"]

1. e4 d5 2. exd5 Nf6 3. Bb5+ Bd7 4. Be2 Bf5 5. d4 Qxd5 6. Nf3 Nbd7 7. 0-0 h6 8. c4 Qc6 9. Nc3 b6 10. Bf4 g5 11. Ne5 Nxe5 12. Bxe5 0-0-0 13. b4 Bg6 14. b5 Qb7 15. Bf3 Qb8 16. a4 g4 17. Bc6 Rg8 18. a5 h5 19. axb6 axb6 20. Ra8 Qxa8 21. Bxa8 Kb8 22. Bc6 e6 23. Qa1 1-0

[Event "POL-ch blitz (Women)"]
[Site "Bydgoszcz"]
[Date "2020.12.12"]
[Round "4"]
[White "Kucharska, Honorata"]
[Black "Pyzewska, Ewelina"]
[Result "1-0"]
[WhiteElo "2184"]
[BlackElo "1330"]
[PlyCount "63"]
[EventDate "2020.12.12"]
[EventType "swiss (blitz)"]
[EventRounds "11"]
[EventCountry "POL"]
[SourceTitle "CBM 199 Extra"]
[Source "ChessBase"]
[SourceDate "2021.01.31"]
[SourceVersion "1"]
[SourceVersionDate "2021.01.31"]
[SourceQuality "1"]

1. d4 b6 2. e4 Bb7 3. Nc3 d6 4. Nf3 Nd7 5. Bd3 e6 6. 0-0 Be7 7. Ne2 c6 8. Ng3 g6 9. c4 Qc7 10. b3 0-0-0 11. Bb2 f6 12. a4 h5 13. Rc1 c5 14. d5 e5 15. Nh4 Kb8 16. Nxg6 Rh7 17. Nf5 Re8 18. Be2 Nh6 19. Ngxe7 Rexe7 20. Nxe7 Rxe7 21. Bxh5 Qd8 22. Rc3 Rg7 23. Rg3 Qg8 24. Bc1 Rxg3 25. fxg3 Qg7 26. Qf3 Bc8 27. Bxh6 Qxh6 28. Bg4 a6 29. Bxd7 Bxd7 30. Qxf6 Qe3+ 31. Kh1 Qxb3 32. Qxd6+ 1-0

[Event "POL-ch blitz (Women)"]
[Site "Bydgoszcz"]
[Date "2020.12.12"]
[Round "10"]
[White "Pyzewska, Ewelina"]
[Black "Borkowska, Zuzanna"]
[Result "0-1"]
[WhiteElo "1330"]
[BlackElo "1540"]
[PlyCount "89"]
[EventDate "2020.12.12"]
[EventType "swiss (blitz)"]
[EventRounds "11"]
[EventCountry "POL"]
[SourceTitle "CBM 199 Extra"]
[Source "ChessBase"]
[SourceDate "2021.01.31"]
[SourceVersion "1"]
[SourceVersionDate "2021.01.31"]
[SourceQuality "1"]

1. d4 d5 2. g3 Bf5 3. Bg2 e6 4. Nc3 Bb4 5. Bd2 Nf6 6. f3 0-0 7. e4 dxe4 8. fxe4 Bg4 9. Bf3 Bxf3 10. Nxf3 Bxc3 11. Bxc3 Nxe4 12. Qe2 Nxc3 13. bxc3 Nc6 14. Kd2 Re8 15. Rab1 b6 16. Qe4 Qd5 17. Qxd5 exd5 18. Rhe1 Na5 19. Kd3 h6 20. Rb5 c6 21. Rbb1 Nc4 22. Nd2 Nxd2 23. Kxd2 Kf8 24. Re3 Rxe3 25. Kxe3 Re8+ 26. Kd2 Re4 27. Re1 f5 28. Rb1 Ke7 29. Rb3 Ke6 30. Ra3 a5 31. Rb3 b5 32. a4 b4 33. cxb4 Rxd4+ 34. Ke3 Re4+ 35. Kd3 axb4 36. a5 c5 37. a6 c4+ 38. Kd2 cxb3 39. cxb3 Kd6 40. Kd3 Re7 41. a7 Rxa7 42. Ke3 Ra3 43. Kf4 g6 44. h4 Rxb3 45. g4 0-1

[Event "POL-ch blitz (Women)"]
[Site "Bydgoszcz"]
[Date "2020.12.12"]
[Round "1"]
[White "Pyzewska, Ewelina"]
[Black "Kiolbasa, Oliwia"]
[Result "0-1"]
[WhiteElo "1330"]
[BlackElo "2260"]
[PlyCount "34"]
[EventDate "2020.12.12"]
[EventType "swiss (blitz)"]
[EventRounds "11"]
[EventCountry "POL"]
[SourceTitle "CBM 199 Extra"]
[Source "ChessBase"]
[SourceDate "2021.01.31"]
[SourceVersion "1"]
[SourceVersionDate "2021.01.31"]
[SourceQuality "1"]

1. d3 d5 2. g3 c5 3. Bg2 Nc6 4. Nd2 Nf6 5. b3 e6 6. Bb2 Bd6 7. c4 d4 8. Qc2 0-0 9. h4 Qc7 10. 0-0-0 a5 11. f4 Ng4 12. Nh3 Ne3 13. Qb1 Nxg2 14. Nf3 Ne3 15. Rdg1 a4 16. g4 Bxf4 17. Nxf4 Qxf4 0-1

[Event "POL-ch blitz (Women)"]
[Site "Bydgoszcz"]
[Date "2020.12.12"]
[Round "2"]
[White "Siekanska, Maria"]
[Black "Pyzewska, Ewelina"]
[Result "1-0"]
[WhiteElo "1919"]
[BlackElo "1330"]
[PlyCount "37"]
[EventDate "2020.12.12"]
[EventType "swiss (blitz)"]
[EventRounds "11"]
[EventCountry "POL"]
[SourceTitle "CBM 199 Extra"]
[Source "ChessBase"]
[SourceDate "2021.01.31"]
[SourceVersion "1"]
[SourceVersionDate "2021.01.31"]
[SourceQuality "1"]

1. d4 b6 2. c4 Bb7 3. Nc3 d6 4. e4 Nd7 5. Nf3 g6 6. Bd3 Bg7 7. 0-0 e6 8. Re1 Qe7 9. Rb1 0-0-0 10. b4 Rf8 11. Qa4 a6 12. c5 b5 13. Nxb5 axb5 14. Bxb5 dxc5 15. bxc5 Nb8 16. c6 Bxc6 17. Bxc6 Nxc6 18. Qxc6 Qd7 19. Rb8+ 1-0

[Event "POL-chT3 Kujawsko Pomorskie 1617"]
[Site "Poland"]
[Date "2017.??.??"]
[Round "4.25"]
[White "Bieniek, Daria"]
[Black "Pyzewska, Ewelina"]
[Result "0-1"]
[WhiteElo "1194"]
[BlackElo "1321"]
[PlyCount "94"]
[EventDate "2016.11.06"]
[EventType "team-tourn"]
[EventRounds "9"]
[EventCountry "POL"]
[SourceTitle "EXT 2018"]
[Source "ChessBase"]
[SourceDate "2017.10.13"]
[SourceVersion "1"]
[SourceVersionDate "2017.10.13"]
[SourceQuality "1"]

1. e4 d5 2. exd5 Qxd5 3. Nc3 Qd6 4. Nf3 a6 5. Bc4 b5 6. Bb3 Bb7 7. d3 c5 8. a3 g6 9. Qe2 Bg7 10. 0-0 Nf6 11. Be3 0-0 12. Rad1 Ng4 13. h3 Bxf3 14. hxg4 Bxe2 15. Nxe2 Nd7 16. Ng3 Bxb2 17. a4 Bd4 18. Ne4 Qe5 19. Bd2 c4 20. Ba2 cxd3 21. cxd3 Rfc8 22. Rfe1 Qg7 23. Rb1 bxa4 24. Rb7 Ra7 25. Rb4 e6 26. Nd6 Rc2 27. Ne8 Qf8 28. Rxd4 Qxe8 29. Be3 Rxa2 30. Rc1 Qe7 31. Rc8+ Kg7 32. Rdc4 Ra1+ 33. Rc1 Rxc1+ 34. Rxc1 Qd6 35. Bxa7 a3 36. Ra1 Qxd3 37. Be3 Ne5 38. Bc5 Nc4 39. g3 f5 40. gxf5 gxf5 41. Kh2 e5 42. Kh3 Qc3 43. Rd1 Kf6 44. Kh4 a2 45. Rd8 a1R 46. Rf8+ Kg7 47. Kg5 Qf3 0-1

[Event "POL-chT 2nd League"]
[Site "Jastrzebia Gora"]
[Date "2015.09.10"]
[Round "6.90"]
[White "Bukowska, Katarzyna"]
[Black "Pyzewska, Ewelina"]
[Result "1-0"]
[WhiteElo "1923"]
[BlackElo "1316"]
[PlyCount "55"]
[EventDate "2015.09.05"]
[EventType "team-swiss"]
[EventRounds "9"]
[EventCountry "POL"]
[SourceTitle "EXT 2017"]
[Source "ChessBase"]
[SourceDate "2016.10.25"]
[SourceVersion "1"]
[SourceVersionDate "2016.10.25"]
[SourceQuality "1"]
[WhiteTeam "Konin Hetman"]
[BlackTeam "Swiecie Gambit"]
[WhiteTeamCountry "POL"]
[BlackTeamCountry "POL"]

1. e4 d5 2. exd5 Qxd5 3. Nc3 Qd6 4. d4 Nf6 5. Nf3 a6 6. Be2 g6 7. 0-0 Bg7 8. h3 0-0 9. Bg5 Nbd7 10. Qd2 b5 11. Bf4 Qb6 12. Rfe1 Bb7 13. Rad1 Rad8 14. a3 Rfe8 15. Ng5 h6 16. Nf3 Kh7 17. Qe3 Nh5 18. Bh2 f5 19. Nh4 Nhf6 20. Qg3 Ne4 21. Nxe4 Bxe4 22. c3 e5 23. dxe5 g5 24. Nf3 Nxe5 25. Rxd8 Bxf3 26. Rxe8 f4 27. Qxf3 Nxf3+ 28. Bxf3 1-0